| 000 -LEADER |
| fixed length control field |
nam a22 a 4500 |
| 003 - CONTROL NUMBER IDENTIFIER |
| control field |
AKMAL |
| 005 - DATE AND TIME OF LATEST TRANSACTION |
| control field |
20170523143909.0 |
| 008 - FIXED-LENGTH DATA ELEMENTS--GENERAL INFORMATION |
| fixed length control field |
170523s2006 my | e | 000 0deng d |
| 020 ## - INTERNATIONAL STANDARD BOOK NUMBER |
| International Standard Book Number |
9834250452 (pbk.) |
| 020 ## - INTERNATIONAL STANDARD BOOK NUMBER |
| International Standard Book Number |
9789834250454 (pbk.) : |
| Terms of availability |
RM60.00 |
| 082 04 - DEWEY DECIMAL CLASSIFICATION NUMBER |
| Classification number |
658.409595 NAT |
| Edition number |
22 |
| 090 00 - LOCALLY ASSIGNED LC-TYPE CALL NUMBER (OCLC); LOCAL CALL NUMBER (RLIN) |
| Classification number (OCLC) (R) ; Classification number, CALL (RLIN) (NR) |
658.409595 |
| Local cutter number (OCLC) ; Book number/undivided call number, CALL (RLIN) |
NAT |
| 245 00 - TITLE STATEMENT |
| Title |
Good governance for development : |
| Remainder of title |
private sector perspectives Malaysian Institute of Integrity / |
| Statement of responsibility, etc. |
edited by Sulaiman Mahbob ... [et al.] |
| 246 3# - VARYING FORM OF TITLE |
| Title proper/short title |
Private sector perspectives Malaysian Institute of Integrity |
| 260 ## - PUBLICATION, DISTRIBUTION, ETC. |
| Place of publication, distribution, etc. |
Kuala Lumpur : |
| Name of publisher, distributor, etc. |
Integrity Institute of Malaysia, |
| Date of publication, distribution, etc. |
2006 |
| 300 ## - PHYSICAL DESCRIPTION |
| Extent |
x, 298p. ; |
| Dimensions |
25cm. |
| 500 ## - GENERAL NOTE |
| General note |
Including proceedings of the National Seminar for Private Sector on the National Integrity Plan " Reinventing the future through good governance" |
| 504 ## - BIBLIOGRAPHY, ETC. NOTE |
| Bibliography, etc. note |
Includes bibliographical references |
| 650 10 - SUBJECT ADDED ENTRY--TOPICAL TERM |
| Topical term or geographic name entry element |
Corporate governance |
| Geographic subdivision |
Malaysia |
| 9 (RLIN) |
7222 |
| 650 20 - SUBJECT ADDED ENTRY--TOPICAL TERM |
| Topical term or geographic name entry element |
Business ethics |
| Geographic subdivision |
Malaysia |
| 9 (RLIN) |
7223 |
| 650 20 - SUBJECT ADDED ENTRY--TOPICAL TERM |
| Topical term or geographic name entry element |
Social responsibility of business |
| Geographic subdivision |
Malaysia |
| 9 (RLIN) |
7224 |
| 700 0# - ADDED ENTRY--PERSONAL NAME |
| Personal name |
Sulaiman Mahbob, |
| Titles and other words associated with a name |
Datuk |
| 9 (RLIN) |
7225 |
| 711 2# - ADDED ENTRY--MEETING NAME |
| Meeting name or jurisdiction name as entry element |
National Seminar for Private Sector on the National Integrity Plan |
| Date of meeting |
(2006 : |
| Location of meeting |
Kuala Lumpur) |
| 9 (RLIN) |
7226 |
| 856 4# - ELECTRONIC LOCATION AND ACCESS |
| Uniform Resource Identifier |
http://www.mph.com.my/search/nsearch.cfm?do=detail&pcode=9834250452 |
| Link text |
Front Cover & Summary |
| 942 ## - ADDED ENTRY ELEMENTS (KOHA) |
| Source of classification or shelving scheme |
|
| Koha item type |
Book |